000 00331 a2200109 4500
001 ART_46790
005 20260410162000.0
008 260409a
245 1 0 _aLas enseñanzas que dejan las crisis
100 1 _aRemes Lenicov, Jorge
773 0 _tArchivos del presente
_g- Año 16, Nº 57/58 (ene. 2012)
_wREV28180
999 _c31176
_d31176